00316nam a2200109Ia 4500008004100000020001600041100002400057245004900081250001100130260004700141300001800188180219s9999 xx 000 0 und d a00781718430 aParadiso, Catherine aLippincott's review series pathophysiology / a2nd ed aUSA :bLippincott williams & wilkinsc1999 aix, 496 pages